00485nam a2200169 a 450000500170000000800410001702000150005805000230007310000180009624500480011425000120016226000440017430000300021850000410024852100100028965000160029920140310183502.0000518s19uu xx 00 eng d a0534261426 aBF 121b.P626 2006 aPlotnik, Rod. aIntroduction to psychology. /cRod Plotnik. a4th ed. aU.S.A :bBrooks/Cole Publishing,c2006. a669 p. :bill. ;c25 cm.  aIncludes bibliographical references. aPSYCH aPsychology.